| 000 | 00954cam a22002773a 4500 | ||
|---|---|---|---|
| 001 | 31260 | ||
| 003 | PGUSA | ||
| 005 | 20140828083657.0 | ||
| 008 | 100212s2010||||xxu|||||s|||||000 | eng d | ||
| 040 |
_aPGUSA _beng |
||
| 042 | _adc | ||
| 050 | 4 | _aDC | |
| 100 | 1 |
_aVandal, Albert, _d1853-1910 |
|
| 245 | 1 | 0 |
_aNapoléon et Alexandre Ier (2/3) : _bL'alliance russe sous le premier Empire _h[electronic resource] / _cAlbert Vandal |
| 260 |
_bProject Gutenberg, _c2010 |
||
| 506 | _aPublic domain in the USA. | ||
| 516 | _aElectronic text | ||
| 653 | _aRussia -- Foreign relations -- France | ||
| 653 | _aFrance -- Foreign relations -- Russia | ||
| 653 | _aNapoleon I, Emperor of the French, 1769-1821 -- Relations with Russians | ||
| 653 | _aFrance -- Foreign relations -- 1792-1815 | ||
| 653 | _aRussia -- Foreign relations -- 1801-1825 | ||
| 830 | 0 |
_aProject Gutenberg _v31260 |
|
| 856 | 4 | 0 | _uhttp://www.gutenberg.org/ebooks/31260 |
| 942 | _cEB | ||
| 999 |
_c260515 _d260515 |
||